PSYCOLOGY OF RELIGION (Record no. 81)

MARC details
000 -LEADER
fixed length control field 00426nam a2200169Ia 4500
003 - CONTROL NUMBER IDENTIFIER
control field OSt
005 - DATE AND TIME OF LATEST TRANSACTION
control field 20241126110329.0
008 - FIXED-LENGTH DATA ELEMENTS--GENERAL INFORMATION
fixed length control field 160523b xxu||||| |||| 00| 0 eng d
040 ## - CATALOGING SOURCE
Transcribing agency GBC
082 ## - DEWEY DECIMAL CLASSIFICATION NUMBER
Classification number 200.19
Item number WIT
100 ## - MAIN ENTRY--PERSONAL NAME
Personal name "WITHERINGTON, H C"
245 ## - TITLE STATEMENT
Title PSYCOLOGY OF RELIGION
Remainder of title A CHRISTIAN INTERPRETATION
260 ## - PUBLICATION, DISTRIBUTION, ETC.
Name of publisher, distributor, etc. WILLLIAM B EERDMANS
Place of publication, distribution, etc. USA
Date of publication, distribution, etc. 1955
300 ## - PHYSICAL DESCRIPTION
Extent 344p.
653 ## - INDEX TERM--UNCONTROLLED
Uncontrolled term Religion
942 ## - ADDED ENTRY ELEMENTS (KOHA)
Edition 1ST ED
Source of classification or shelving scheme Dewey Decimal Classification
Koha item type Books
Koha issues (borrowed), all copies 1
Holdings
Withdrawn status Lost status Source of classification or shelving scheme Damaged status Not for loan Home library Current Library Shelving location Date acquired Total checkouts Full call number Barcode Date last seen Date last checked out Price effective from Koha item type
    Dewey Decimal Classification     GRACE BIBLE COLLEGE GRACE BIBLE COLLEGE Philosophy and Religion 2016-05-23 2 200.19 WIT 009635 2025-05-01 2019-10-15 2016-05-23 Books
© Grace Bible College Library 2025